000 00624nam a2200205 u 4500
005 20220818063542.0
008 130826s2011 cl r 000 0 spa d
020 _a9789588662190
035 _aUPN01000192448
049 _aI
050 4 _aPQ8180.32 A8.3
_bC3.5
100 1 _aVasco, Irene,
_d1952-
_934052
245 1 0 _aCambio de voz :
_bcuentos insospechados de la vida cotidiana /
_cIrene Vasco.
260 _aBogotá :
_bRandom House Mondadori,
_c2011.
300 _a76 p.
440 3 _aLa biblioteca.
_pGrandes lectores
650 0 _aCuentos infantiles colombianos
_94407
905 _aInfantil
999 _c164550
_d164550